000 00508nam a2200205Ia 4500
005 20240823045052.0
008 240823s9999||||xx |||||||||||||| ||und||
020 _a81-7800-069-5
041 _aENGLISH
082 _A628 P4
100 _aManoharachary C
245 0 _aPrinciples of Environmental Studies
250 _a1st
260 _c2004
_b"BS Publications,Hyde"
500 _aYES
650 _aEnvironmental Studies
_bMechanical
700 _a Jayarama Reddy P
942 _cBK
999 _c214097
_d214097